000 00713npc a2200217Ia 4500
001 dd14-2055 [d000002162]
003 IT-MiCISF
008 161014s9999||||xx | und||
040 _aIT-MiCISF
_cIT-MiCISF
041 _ait
100 _aCampagna Maria Eugenia
245 0 _aLa famiglia alla ricerca di nuovi equilibri
250 _a1a ed.
260 _aBari
_bA.p.ri e leggi
_c1994
300 _app. 27
500 _aPugliese A.M., Gramegna L., Sgrosso S., Fulco N., Viggiani S., Isidoro A., Gramegna G., Campanella C. / famiglia, tossicodipendenza, consulenza, omosessualità, massmedia, adolescenza /
650 _afamiglia
700 _aAA.VV.
942 _cDD
957 _71
999 _a2055
_bsi
_g1
_c208302
_d208302